Inés y los hijos de la loba / (Record no. 140058)

MARC details
000 -LEADER
campo de control de longitud fija 00518nam a2200169 4500
001 - NÚMERO DE CONTROL
campo de control 140058
003 - IDENTIFICADOR DE NÚMERO DE CONTROL
campo de control ES-MaACL
005 - FECHA Y HORA DE LA ÚLTIMA TRANSACCIÓN
campo de control 20230906200007.0
007 - CAMPO FIJO DE DESCRIPCIÓN FÍSICA--INFORMACIÓN GENERAL
campo de control de longitud fija t|
008 - DATOS DE LONGITUD FIJA--INFORMACIÓN GENERAL
campo de control de longitud fija 070214s1959 sp r ||||1| spa d
100 1# - ENTRADA PRINCIPAL--NOMBRE DE PERSONA
Nombre de persona Schreyer, Lothar.
9 (RLIN) 104704
245 10 - MENCIÓN DEL TÍTULO
Título Inés y los hijos de la loba /
Mención de responsabilidad, etc. Lothar Schreyer ; traducción de José María Balil Giró.
260 ## - PUBLICACIÓN, DISTRIBUCIÓN, ETC.
Lugar de publicación, distribución, etc. Barcelona :
Nombre del editor, distribuidor, etc. Herder,
Fecha de publicación, distribución, etc. 1959.
300 ## - DESCRIPCIÓN FÍSICA
Extensión 336 p. ;
Dimensiones 19 cm.
700 1# - ENTRADA AGREGADA--NOMBRE PERSONAL
Nombre de persona Balil Giró, José María.
9 (RLIN) 24940
852 ## - LOCALIZACIÓN
Ubicación ES-MaACL
Número de control de estantería C-18699
Sublocalización o colección R.46501
Holdings
Estatus retirado Estado de pérdida Estado de daño No para préstamo Biblioteca de origen Biblioteca actual Ubicación en estantería Fecha de adquisición Fuente de adquisición Total de préstamos Signatura topográfica completa Código de barras Visto por última vez Precio de reemplazo Tipo de ítem Koha
        Biblioteca del Ateneo de Madrid Biblioteca del Ateneo de Madrid Galería 17/01/2008     C-18699 1145749 23/02/2023 23/02/2023 Libro impreso